[Event "Challenge"]
[Site "http://www.queenalice.com/game.php?id=1415888"]
[Date "2016.3.30"]
[Round "-"]
[White "Sirius"]
[Black "whitehope"]
[Result "1-0"]
[WhiteElo "1690"]
[BlackElo "1514"]

1. e4 e5 2. Nf3 Nc6 3. c3 Bc5 4. d3 d6 5. h3 Nf6 6. g4 h6 7. Bg2 b6 8. O-O Be6
9. b4 Bxb4 10. cxb4 Nxb4 11. Qa4+ Bd7 12. Qxb4 a5 13. Qc3 Bb5 14. Nbd2 c5 15.
Nc4 d5 16. Qxe5+ Qe7 17. Nd6+ Kd7 18. Nxb5 Qxe5 19. Nxe5+ Ke7 20. exd5 Nxd5 21.
Bxd5 Kf6 22. f4 g5 23. Bb2 Rad8 24. Nc6+ Kg6 25. f5+ Kh7 26. Bxh8 Rxh8 27. Rae1
f6 28. Nd6 a4 29. Re7# 1-0

[Event "Chary Blossom"]
[Site "http://www.queenalice.com/game.php?id=1417310"]
[Date "2016.4.8"]
[Round "-"]
[White "whitehope"]
[Black "Sirius"]
[Result "1/2-1/2"]
[WhiteElo "1467"]
[BlackElo "1660"]

1. e4 c5 2. c4 b6 3. Nf3 Bb7 4. d3 Nc6 5. Bf4 g6 6. Ne5 d6 7. Nxc6 Bxc6 8. Nc3
Bg7 9. Be2 Nf6 10. O-O O-O 11. Bf3 e5 12. Bg5 a6 13. Qb3 a5 14. Na4 Bxa4 15.
Qxa4 Rb8 16. a3 h6 17. Bxf6 Qxf6 18. b4 Ra8 19. b5 Kh7 20. g3 Qg5 21. Qc2 Qf6
22. Qe2 a4 23. Rae1 h5 24. h4 Qe6 25. Qe3 Bh6 26. Qe2 Qh3 27. Bg2 Qe6 28. Bh1
Qh3 29. Qf3 Bd2 30. Bg2 Qg4 31. Qxg4 hxg4 32. Re2 Bc3 33. Re3 Bb2 34. f3 Bd4 35.
Re1 Bxe3+ 36. Rxe3 f5 37. exf5 gxf5 38. fxg4 fxg4 39. Bxa8 Rxa8 40. Re4 Rg8 41.
Re1 Re8 42. Rf1 Kg6 1/2-1/2

[Event "OS INCLIVEIS"]
[Site "http://www.queenalice.com/game.php?id=1419571"]
[Date "2016.4.23"]
[Round "-"]
[White "adelio"]
[Black "whitehope"]
[Result "1-0"]
[WhiteElo "1583"]
[BlackElo "1475"]

1. d4 d5 2. e4 e5 3. Nc3 Nf6 4. f3 Nc6 5. Nxd5 Nxd5 6. exd5 Nb4 7. c4 exd4 8. a3
Nc6 9. dxc6 bxc6 10. Bd3 Be7 11. g3 c5 12. h4 h5 13. Ne2 g6 14. Nf4 c6 15. Nxg6
fxg6 16. Bxg6+ Kf8 17. Qd3 Rh6 18. Bxh6+ Kg8 19. Qe4 Bf8 20. Bh7+ Kf7 21. Qg6+
Ke7 22. Bg5+ Kd7 23. Bxd8 Kxd8 24. O-O 1-0

[Event "OS INCLIVES"]
[Site "http://www.queenalice.com/game.php?id=1419572"]
[Date "2016.4.23"]
[Round "-"]
[White "whitehope"]
[Black "adelio"]
[Result "0-1"]
[WhiteElo "1463"]
[BlackElo "1595"]

1. e4 a6 2. c4 c5 3. d3 Nc6 4. Be3 e5 5. Nf3 Be7 6. Nc3 d6 7. h4 Nd4 8. Nd5
Nxf3+ 9. Qxf3 Bxh4 10. g3 Be7 11. b3 g6 12. Bh3 h5 13. Nxe7 Qxe7 14. Bxc8 Rxc8
15. a4 Rc7 16. Qg2 g5 17. g4 h4 18. Rh3 f6 19. f3 Qd7 20. Qh2 Nh6 21. Rb1 a5 22.
Kf2 Nxg4+ 23. Kg1 Nxh2 24. Kxh2 g4 0-1

[Event "Challenge"]
[Site "http://www.queenalice.com/game.php?id=1433036"]
[Date "2016.7.24"]
[Round "-"]
[White "zubarev"]
[Black "whitehope"]
[Result "1-0"]
[WhiteElo "2060"]
[BlackElo "1472"]

1. d4 d5 2. Nc3 Nf6 3. Nf3 Nc6 4. e3 h6 5. Bd3 Bg4 6. Be2 e6 7. O-O Bd6 8. h3
Bxf3 9. Bxf3 Qd7 10. Re1 a6 11. e4 O-O 12. e5 Ne4 13. exd6 cxd6 14. Nxe4 dxe4
15. Bxe4 e5 16. c3 exd4 17. Bc2 dxc3 18. bxc3 Ne5 19. Rxe5 Rad8 20. Qd3 dxe5 21.
Qh7# 1-0

[Event "Challenge"]
[Site "http://www.queenalice.com/game.php?id=1433037"]
[Date "2016.7.24"]
[Round "-"]
[White "whitehope"]
[Black "zubarev"]
[Result "0-1"]
[WhiteElo "1474"]
[BlackElo "2054"]

1. e4 e5 2. Nf3 Nc6 3. Bb5 d6 4. d3 Bd7 5. Nc3 Nf6 6. Bg5 Be7 7. Qd2 O-O 8. h3
a6 9. Bxc6 Bxc6 10. Bxf6 Bxf6 11. O-O d5 12. d4 dxe4 13. dxe5 Qxd2 14. Nxd2 Bxe5
15. Ncxe4 Rad8 16. c4 f5 17. Nc5 Rxd2 18. Rae1 Bxb2 19. Ne6 Rf7 20. Nxc7 Rxc7
21. Rd1 Rcd7 22. Rxd2 Rxd2 23. g4 Rd3 24. gxf5 Rxh3 25. f3 Rxf3 26. Rxf3 Bxf3
27. Kf2 Be4 28. f6 Bxf6 29. Ke3 Bb1 30. a3 h5 0-1

[Event "Challenge"]
[Site "http://www.queenalice.com/game.php?id=1450754"]
[Date "2016.11.18"]
[Round "-"]
[White "whitehope"]
[Black "Sirius"]
[Result "0-1"]
[WhiteElo "1480"]
[BlackElo "1649"]

1. e4 e5 2. Nc3 a6 3. Nf3 Nc6 4. d4 Bb4 5. a3 Bxc3+ 6. bxc3 d6 7. Bc4 Qf6 8. Be3
Bg4 9. Be2 O-O-O 10. h3 Bxf3 11. Bxf3 g5 12. Bg4+ Kb8 13. a4 h5 14. Bf5 Nge7 15.
Qf3 exd4 16. cxd4 Nxf5 17. exf5 g4 18. hxg4 hxg4 19. Rh6 Rxh6 20. Qxg4 Rh1+ 0-1

[Event "нЕМЕЦки"]
[Site "http://www.queenalice.com/game.php?id=1461856"]
[Date "2017.1.29"]
[Round "-"]
[White "whitehope"]
[Black "Sirius"]
[Result "0-1"]
[WhiteElo "1474"]
[BlackElo "1608"]

1. Nf3 d6 2. Nc3 e5 3. e4 a6 4. a4 Nf6 5. Nd5 Bg4 6. Be2 Nxe4 7. d3 Nc5 8. b3 c6
9. Ne3 h5 10. h3 Be6 11. h4 Qa5+ 12. Bd2 Qc7 13. Nc4 d5 14. Ncxe5 Bd6 15. b4
Bxe5 16. bxc5 Bxa1 17. Qxa1 f6 18. Nd4 Bf7 19. O-O Nd7 20. g3 O-O-O 0-1

[Event "Challenge"]
[Site "http://www.queenalice.com/game.php?id=1594534"]
[Date "2019.12.29"]
[Round "-"]
[White "whitehope"]
[Black "Sirius"]
[Result "1-0"]
[WhiteElo "1475"]
[BlackElo "1668"]

1. Nf3 e5 2. e4 d6 3. Bc4 Be6 4. d3 a6 5. a4 Nc6 6. Bd2 Nf6 7. h3 b5 8. Bxe6
fxe6 9. Ng5 h6 10. Nxe6 Qe7 11. axb5 Nb8 12. Nxf8 Rxf8 13. Nc3 a5 14. Na4 Nbd7
15. Be3 Rb8 16. c4 h5 17. Bg5 g6 18. Qd2 Ra8 19. Nc3 Nb6 20. Nd5 Nbxd5 21. exd5
a4 22. Qb4 e4 23. O-O Qe5 24. Bxf6 Rxf6 25. dxe4 Qxe4 26. Rfe1 Qxe1+ 27. Qxe1+
Kd7 28. Qb4 Rf4 29. Rxa4 Re8 30. Ra7 Kd8 31. Ra8+ Kd7 32. Rxe8 Kxe8 33. Qa4 Ke7
34. Qc2 g5 35. Qh7+ Kd8 36. b3 h4 37. Qg8+ Ke7 38. Qxg5+ Kd7 39. Qxf4 1-0

[Event "Challenge"]
[Site "http://www.queenalice.com/game.php?id=1601233"]
[Date "2020.3.1"]
[Round "-"]
[White "Sirius"]
[Black "whitehope"]
[Result "0-1"]
[WhiteElo "1668"]
[BlackElo "1499"]

1. e4 e5 2. d3 Bc5 3. Nf3 Qf6 4. Bg5 Qe6 5. c4 Qb6 6. b3 f6 7. Bh4 g5 8. Bg3 h5
9. h4 g4 10. Nfd2 d6 11. Be2 Be6 12. Nc3 a6 13. Na4 Qc6 14. Nxc5 Qxc5 15. O-O
Nc6 16. a3 Nd4 17. b4 Qc6 18. a4 b5 19. cxb5 axb5 20. axb5 Rxa1 21. bxc6 Rxd1
22. Bxd1 Nxc6 23. b5 Nb4 24. Bc2 Ne7 25. Rc1 O-O 26. Bb3 Kf7 27. Rxc7 Nxd3 28.
Bxe6+ Kxe6 29. Nc4 Rc8 30. b6 Rxc7 31. bxc7 Nc8 32. Nb6 Nxb6 33. Kf1 Nc8 34. Ke2
Nb4 35. f4 Na6 36. f5+ Kd7 37. Kd3 Nxc7 38. Kc4 Nb6+ 39. Kb3 Na6 40. Kc3 Nc5 41.
Bf2 Nxe4+ 0-1

[Event "Challenge"]
[Site "http://www.queenalice.com/game.php?id=1764750"]
[Date "2021.7.19"]
[Round "-"]
[White "whitehope"]
[Black "Sirius"]
[Result "0-1"]
[WhiteElo "1522"]
[BlackElo "1751"]

1. e4 e5 2. Bc4 Nf6 3. Nc3 b6 4. d3 Bc5 5. Be3 Bb7 6. Nf3 Bxe3 7. fxe3 h6 8.
Nxe5 d6 9. Nxf7 Qe7 10. Nxh8 d5 11. Ng6 Qb4 12. Bb3 d4 13. exd4 Qxd4 14. Qf3
Nbd7 15. O-O-O O-O-O 16. Rhe1 a6 17. Ne7+ Kb8 18. Ned5 Nxd5 19. exd5 Ne5 20.
Rxe5 Qxe5 21. d4 Qxh2 22. Qh3 Qf4+ 23. Kb1 b5 24. g3 Qf3 25. Rf1 Qe3 26. Qg4 g5
27. Nd1 Qe7 28. a4 Bc8 29. axb5 Bxg4 30. bxa6 Be2 0-1